| 000 | 00323nam a22001097a 4500 | ||
|---|---|---|---|
| 005 | 20100812102829.0 | ||
| 008 | 100812t xxu||||| |||| 00| 0 eng d | ||
| 245 | _aScientific american | ||
| 260 |
_aNoida _bWE CARE _912586 |
||
| 942 | _cJR | ||
| 952 |
_w2010-08-12 _pP198 _r2010-08-12 _40 _00 _bUL _10 _d2010-08-12 _70 _2udc _yJR _aUL |
||
| 999 |
_c67690 _d67689 |
||